[Event "Rio Claro op"]
[Site "Rio Claro"]
[Date "2014.05.18"]
[Round "6"]
[White "Correa Fragoso, Evander"]
[Black "Henrique, Roberto de Paula"]
[Result "0-1"]
[WhiteElo "1800"]
[BlackElo "1755"]
[PlyCount "101"]
[EventDate "2014.05.16"]
[EventType "swiss"]
[EventRounds "6"]
[EventCountry "BRA"]
[SourceTitle "CBM 160 Extra"]
[Source "ChessBase"]
[SourceDate "2014.07.01"]
[SourceVersion "1"]
[SourceVersionDate "2014.07.01"]
[SourceQuality "1"]

1. d4 d5 2. Nf3 Nf6 3. e3 e6 4. Bd3 Nbd7 5. 0-0 Bd6 6. b3 0-0 7. Bb2 b6 8. Nbd2 a5 9. Ne5 Bb7 10. f4 c5 11. Rf3 cxd4 12. Bxd4 Bc5 13. Nxd7 Nxd7 14. Bxh7+ Kxh7 15. Rh3+ Kg8 16. Qh5 f6 17. Qh7+ Kf7 18. Qh5+ Ke7 19. Rg3 Rg8 20. Bb2 Qe8 21. Qe2 Qf7 22. Rd1 Rh8 23. c4 Ba6 24. Qg4 Rag8 25. cxd5 exd5 26. Ne4 Qh5 27. Nxc5 Qxg4 28. Rxg4 Nxc5 29. Rxd5 Bc8 30. f5 Kf7 31. Rgd4 Ke7 32. Ba3 Rd8 33. Bxc5+ bxc5 34. Re4+ Kf7 35. Rxc5 Rhe8 36. Rec4 Ba6 37. Rc7+ Kf8 38. Rh4 Re7 39. Rc5 Rd1+ 40. Kf2 Rd2+ 41. Kg3 Rxa2 42. Rd4 Rxe3+ 43. Kf4 Re7 44. Ra4 Rxg2 45. Raxa5 Bb7 46. Rc4 Rxh2 47. Ra7 Rh4+ 48. Kg3 Rxc4 49. bxc4 Bc6 50. Rxe7 Kxe7 51. Kh4 0-1

[Event "Rio Claro op"]
[Site "Rio Claro"]
[Date "2014.05.16"]
[Round "2"]
[White "Cardoso, Julia Aguiar Vieira"]
[Black "Correa Fragoso, Evander"]
[Result "1-0"]
[WhiteElo "1766"]
[BlackElo "1800"]
[PlyCount "73"]
[EventDate "2014.05.16"]
[EventType "swiss"]
[EventRounds "6"]
[EventCountry "BRA"]
[SourceTitle "CBM 160 Extra"]
[Source "ChessBase"]
[SourceDate "2014.07.01"]
[SourceVersion "1"]
[SourceVersionDate "2014.07.01"]
[SourceQuality "1"]

1. e4 c6 2. d4 d5 3. exd5 cxd5 4. Bd3 Nc6 5. c3 g6 6. Bf4 Nh6 7. Nf3 Bf5 8. 0-0 Bg7 9. Re1 Bxd3 10. Qxd3 0-0 11. Na3 a6 12. Nc2 Nf5 13. Ne3 Nxe3 14. Qxe3 Re8 15. Qd2 Rc8 16. Bg3 b5 17. Rad1 a5 18. Qf4 b4 19. Ng5 Rf8 20. Qe3 bxc3 21. bxc3 h6 22. Nf3 e6 23. Rb1 Ne7 24. Qd3 Nf5 25. Ne5 Nxg3 26. Qxg3 Bxe5 27. Rxe5 Rc6 28. h4 Qf6 29. Re3 Rfc8 30. Rb7 Qf5 31. Rf3 Qc2 32. Rfxf7 Kh8 33. Rh7+ Kg8 34. Rbg7+ Kf8 35. Qf3+ Qf5 36. Rf7+ Kg8 37. Rxf5 1-0